Vývozní obchodní případ Dovozní obchodní případ

Saved in:
Bibliographic Details
Main Author: Janatka, František
Other Authors: Strnad, Antonín, Hándl, Jaroslav
Format: Book
Language:Czech
Published: Praha Československá obchodní a průmyslová komora 1988
Tags: Add Tag
No Tags, Be the first to tag this record!

MARC

LEADER 00000nam a2200000 4500
001 c033193
005 20250515083734.0
041 0 |a cze 
044 |a CZ 
245 1 0 |a Vývozní obchodní případ  |b Dovozní obchodní případ  |c František Janatka, Antonín Strnad, Jaroslav Hándl 
264 1 |a Praha  |b Československá obchodní a průmyslová komora  |c 1988 
300 |a 259 s. 
100 1 |a Janatka, František 
700 1 |a Strnad, Antonín 
700 1 |a Hándl, Jaroslav